[Estatua clásica en Santiponce (Sevilla)] (Record no. 85814)
[ view plain ]
| 000 -LEADER | |
|---|---|
| campo de control de longitud fija | 01177nkm a22002297a 4500 |
| 001 - NÚMERO DE CONTROL | |
| campo de control | 85814 |
| 005 - FECHA Y HORA DE LA ÚLTIMA TRANSACCIÓN | |
| campo de control | 20260417140721.0 |
| 007 - CAMPO FIJO DE DESCRIPCIÓN FÍSICA--INFORMACIÓN GENERAL | |
| campo de control de longitud fija | kh boc |
| 008 - DATOS DE LONGITUD FIJA--INFORMACIÓN GENERAL | |
| campo de control de longitud fija | 260416s1900 sp ||||| |||| |0| i|spa d |
| 040 ## - FUENTE DE CATALOGACIÓN | |
| Centro catalogador/agencia de origen | M-RABA |
| Lengua de catalogación | spa |
| Centro/agencia transcriptor | M-RABA |
| 245 01 - MENCIÓN DEL TÍTULO | |
| Título | [Estatua clásica en Santiponce (Sevilla)] |
| Medio | [Material gráfico] |
| 260 ## - PUBLICACIÓN, DISTRIBUCIÓN, ETC. | |
| Fecha de publicación, distribución, etc. | [ca. 1900] |
| 300 ## - DESCRIPCIÓN FÍSICA | |
| Extensión | 1 fotografía |
| Otras características físicas | : albúmina |
| Dimensiones | ; imagen 17 x 12 cm |
| -- | ; soporte secundario 18 x 13 cm |
| 500 00 - NOTA GENERAL | |
| Nota general | Fotografía de una estatua de estilo clásico encontrada en Santiponce, Sevilla. |
| 500 00 - NOTA GENERAL | |
| Nota general | Al verso, a tinta manuscrita: "Santiponce. Estatua encontrada en un pozo a 8 m. de profundidad, y adquirida por Dª Regla Manjón, viuda de Sánchez Bedoya”. |
| 651 #7 - PUNTO DE ACCESO ADICIONAL DE MATERIA--NOMBRE GEOGRÁFICO | |
| Nombre geográfico | Santiponce (Sevilla, España) |
| 9 (RLIN) | 11123 |
| 655 #7 - TERMINO DE INDIZACIÓN--GENERO/FORMA | |
| Datos o término principal de género/forma | Fotografías de obras de arte |
| 9 (RLIN) | 75675 |
| 852 ## - LOCALIZACIÓN | |
| Número de control de estantería | Fot-658 |
| 856 ## - LOCALIZACIÓN Y ACCESO ELECTRÓNICOS | |
| Identificador Uniforme de Recurso | <a href="https://archivoybiblioteca.realacademiabellasartessanfernando.com/cgi-bin/koha/opac-retrieve-file.pl?id=22e283a1505c122ea2605dd91e3a1c7b">https://archivoybiblioteca.realacademiabellasartessanfernando.com/cgi-bin/koha/opac-retrieve-file.pl?id=22e283a1505c122ea2605dd91e3a1c7b</a> |
| Texto de enlace | Fot-658 |
| 856 ## - LOCALIZACIÓN Y ACCESO ELECTRÓNICOS | |
| Identificador Uniforme de Recurso | <a href="https://archivoybiblioteca.realacademiabellasartessanfernando.com/cgi-bin/koha/opac-retrieve-file.pl?id=898e939b0a8d1e84116b918f2a4c7711">https://archivoybiblioteca.realacademiabellasartessanfernando.com/cgi-bin/koha/opac-retrieve-file.pl?id=898e939b0a8d1e84116b918f2a4c7711</a> |
| Texto de enlace | Fot-658bis |
| 942 ## - ELEMENTOS DE ENTRADA SECUNDARIOS (KOHA) | |
| Tipo de ítem Koha | Fotografías |
| Suprimir en OPAC | No |
| Estatus retirado | Estado de pérdida | Fuente de la clasificación o esquema de estantería | Estado de daño | No para préstamo | Colección | Biblioteca de origen | Biblioteca actual | Ubicación en estantería | Fecha de adquisición | Total de préstamos | Signatura topográfica completa | Código de barras | Visto por última vez | Precio de reemplazo | Tipo de ítem Koha |
|---|---|---|---|---|---|---|---|---|---|---|---|---|---|---|---|
| Clasificación Decimal Dewey | Fotografía | Real Academia de la Bellas Artes de San Fernando | Real Academia de la Bellas Artes de San Fernando | Depósito 2 | 16/04/2026 | Fot-658 | 1096929 | 16/04/2026 | 16/04/2026 | Fotografías |